| 000 | 00370nam a2200157Ia 4500 | ||
|---|---|---|---|
| 008 | 210210b1967 xxu||||| |||| 00| 0 eng d | ||
| 082 | _a589 SINS | ||
| 100 | _aSINGH (Jagjit). | ||
| 245 | _aSystematic botany. Ed 2. | ||
| 250 | _a | ||
| 260 |
_aDelhi _bS. Chand & Co. Ltd. _c1967 |
||
| 300 | _aii,328 | ||
| 650 | _aThallophyta | ||
| 690 | _aBotany | ||
| 906 | _a030227 | ||
| 999 |
_c81411 _d81411 |
||